[Event "GER-ch Net blitz qual4"]
[Site "Playchess.com INT"]
[Date "2021.05.10"]
[Round "1"]
[White "Kille, Tobias"]
[Black "Schuette, Marco"]
[Result "1-0"]
[WhiteElo "2360"]
[BlackElo "1808"]
[PlyCount "105"]
[EventDate "2021.05.10"]
[EventType "swiss (blitz)"]
[EventRounds "11"]
[EventCountry "GER"]
[SourceTitle "CBM 202 Extra"]
[Source "ChessBase"]
[SourceDate "2021.07.31"]
[SourceVersion "1"]
[SourceVersionDate "2021.07.31"]
[SourceQuality "1"]

1. d4 Nf6 2. c4 c5 3. d5 b5 4. cxb5 a6 5. bxa6 Bxa6 6. Nc3 d6 7. g3 g6 8. Bg2 Bg7 9. Nf3 0-0 10. Rb1 Nbd7 11. b3 Qc7 12. Bb2 Rfb8 13. 0-0 c4 14. Nd4 cxb3 15. axb3 Nb6 16. Rc1 Qd7 17. Nc6 Rc8 18. Ra1 Bb7 19. Rxa8 Rxa8 20. e4 Ne8 21. Qd2 Rc8 22. Nd4 Nc7 23. Ra1 Na6 24. Nce2 Ra8 25. h4 Nc5 26. Rxa8+ Bxa8 27. Qa5 Qb7 28. Bc3 Nbd7 29. b4 Nd3 30. Nc6 Bxc3 31. Nxc3 N7e5 32. Nxe5 Nxe5 33. b5 Nc4 34. Qa6 Qxa6 35. bxa6 Kf8 36. Bf1 Ne5 37. Bb5 e6 38. Kg2 Ke7 39. f4 Nd7 40. Bc6 Bxc6 41. dxc6 Nb6 42. Nb5 Kd8 43. Nxd6 Kc7 44. Nxf7 Kxc6 45. Ng5 Nc4 46. Nxe6 Kb6 47. Nf8 Kxa6 48. Nxh7 Kb6 49. Nf8 Nd2 50. e5 Kc6 51. Nxg6 Kd7 52. h5 Ne4 53. h6 1-0

[Event "GER-ch Net blitz qual4"]
[Site "Playchess.com INT"]
[Date "2021.05.10"]
[Round "5"]
[White "Miller, Jonas"]
[Black "Schuette, Marco"]
[Result "0-1"]
[WhiteElo "1626"]
[BlackElo "1808"]
[PlyCount "32"]
[EventDate "2021.05.10"]
[EventType "swiss (blitz)"]
[EventRounds "11"]
[EventCountry "GER"]
[SourceTitle "CBM 202 Extra"]
[Source "ChessBase"]
[SourceDate "2021.07.31"]
[SourceVersion "1"]
[SourceVersionDate "2021.07.31"]
[SourceQuality "1"]

1. e4 c5 2. Nf3 e6 3. d4 cxd4 4. Nxd4 Qb6 5. Nb3 Qc7 6. Nc3 a6 7. Bd3 Nf6 8. 0-0 b5 9. a3 Bb7 10. Qf3 Be7 11. Bf4 d6 12. Rad1 Nbd7 13. Rfe1 0-0 14. g4 g6 15. Qg3 Rfd8 16. h4 h5 0-1

[Event "GER-ch Net blitz qual4"]
[Site "Playchess.com INT"]
[Date "2021.05.10"]
[Round "10"]
[White "Schuette, Marco"]
[Black "Hohlbein, Michael"]
[Result "0-1"]
[WhiteElo "1808"]
[BlackElo "2038"]
[PlyCount "70"]
[EventDate "2021.05.10"]
[EventType "swiss (blitz)"]
[EventRounds "11"]
[EventCountry "GER"]
[SourceTitle "CBM 202 Extra"]
[Source "ChessBase"]
[SourceDate "2021.07.31"]
[SourceVersion "1"]
[SourceVersionDate "2021.07.31"]
[SourceQuality "1"]

1. Nf3 c5 2. c4 Nc6 3. d4 cxd4 4. Nxd4 g6 5. Nc3 Nf6 6. e4 Nxd4 7. Qxd4 d6 8. Be2 Bg7 9. 0-0 0-0 10. Qd3 a5 11. f3 Be6 12. Be3 a4 13. Rab1 Nd7 14. Bd4 Ne5 15. Qc2 Nxc4 16. Bxg7 Kxg7 17. Nxa4 b5 18. Nc3 Ne3 19. Qd2 Nxf1 20. Rxf1 Qb6+ 21. Kh1 b4 22. Nd5 Bxd5 23. Qxd5 Ra5 24. Qb3 Rb8 25. Bc4 f6 26. Rc1 Rc5 27. Rd1 Qc7 28. Bd5 Rc1 29. h4 Rxd1+ 30. Qxd1 Rc8 31. Kh2 Qc1 32. Qd4 Qf4+ 33. Kh3 Rc1 34. g3 Qxf3 35. e5 Rh1# 0-1

[Event "GER-ch Net blitz qual4"]
[Site "Playchess.com INT"]
[Date "2021.05.10"]
[Round "11"]
[White "Schuette, Marco"]
[Black "Kull, Florian"]
[Result "0-1"]
[WhiteElo "1808"]
[BlackElo "2056"]
[PlyCount "74"]
[EventDate "2021.05.10"]
[EventType "swiss (blitz)"]
[EventRounds "11"]
[EventCountry "GER"]
[SourceTitle "CBM 202 Extra"]
[Source "ChessBase"]
[SourceDate "2021.07.31"]
[SourceVersion "1"]
[SourceVersionDate "2021.07.31"]
[SourceQuality "1"]

1. Nf3 Nf6 2. c4 e6 3. d4 d5 4. Nc3 dxc4 5. Bg5 Bb4 6. e3 b5 7. Be2 0-0 8. 0-0 Bxc3 9. bxc3 Bb7 10. a4 a6 11. Ne5 h6 12. Bh4 g5 13. Bg3 Nbd7 14. f4 Ne4 15. Bf3 Nxg3 16. Bxb7 Nxf1 17. Bxa8 Nxe3 18. Qf3 Nxe5 19. fxe5 Qxa8 20. Qxe3 Qd5 21. h4 f6 22. Rf1 fxe5 23. Rxf8+ Kxf8 24. hxg5 hxg5 25. Qxg5 exd4 26. Qf6+ Ke8 27. Qg6+ Kd7 28. Qf7+ Kd6 29. Qf8+ Ke5 30. Qg7+ Ke4 31. Qg6+ Ke3 32. Qg3+ Kd2 33. cxd4 Qxd4+ 34. Kh2 Qd6 35. Qxd6+ cxd6 36. g4 c3 37. g5 c2 0-1

[Event "GER-ch Net blitz qual4"]
[Site "Playchess.com INT"]
[Date "2021.05.10"]
[Round "4"]
[White "Schuette, Marco"]
[Black "Loehr, Markus"]
[Result "0-1"]
[WhiteElo "1808"]
[BlackElo "1620"]
[PlyCount "96"]
[EventDate "2021.05.10"]
[EventType "swiss (blitz)"]
[EventRounds "11"]
[EventCountry "GER"]
[SourceTitle "CBM 202 Extra"]
[Source "ChessBase"]
[SourceDate "2021.07.31"]
[SourceVersion "1"]
[SourceVersionDate "2021.07.31"]
[SourceQuality "1"]

1. Nf3 Nf6 2. c4 g6 3. d4 Bg7 4. g3 d5 5. cxd5 Nxd5 6. Bg2 Nb6 7. 0-0 Nc6 8. e3 0-0 9. Nc3 Re8 10. b3 e5 11. dxe5 Nxe5 12. Bb2 Bg4 13. Qxd8 Raxd8 14. Nxe5 Bxe5 15. Bxb7 Rd2 16. Rab1 Rxb2 17. Rxb2 Bxc3 18. Rc2 Be5 19. f3 Be6 20. Rd1 a5 21. e4 Bd6 22. f4 Bg4 23. Rd4 Nd7 24. Bc6 Rd8 25. Bxd7 Rxd7 26. Kg2 Re7 27. e5 Bb4 28. h3 Bf5 29. Rc6 h5 30. Rc1 c5 31. Rd8+ Kg7 32. Kf3 Bd7 33. Rd1 Bc6+ 34. Ke3 Bc3 35. R8d6 Bd4+ 36. Ke2 Bb5+ 37. Kf3 Ra7 38. a4 Bd7 39. Ke4 Be6 40. g4 hxg4 41. hxg4 Bxg4 42. Rh1 Bf5+ 43. Kf3 Be6 44. Rd8 Rb7 45. Kg3 Rxb3+ 46. Kh4 Bf2+ 47. Kg5 Rg3+ 48. Kh4 Rg1# 0-1

[Event "GER-ch Net blitz qual4"]
[Site "Playchess.com INT"]
[Date "2021.05.10"]
[Round "3"]
[White "Tietz, Bennit"]
[Black "Schuette, Marco"]
[Result "0-1"]
[WhiteElo "1579"]
[BlackElo "1808"]
[PlyCount "86"]
[EventDate "2021.05.10"]
[EventType "swiss (blitz)"]
[EventRounds "11"]
[EventCountry "GER"]
[SourceTitle "CBM 202 Extra"]
[Source "ChessBase"]
[SourceDate "2021.07.31"]
[SourceVersion "1"]
[SourceVersionDate "2021.07.31"]
[SourceQuality "1"]

1. e4 c5 2. d3 e6 3. f4 d5 4. Be2 dxe4 5. dxe4 Qxd1+ 6. Bxd1 b6 7. Bf3 Bb7 8. Nc3 Nc6 9. Be3 0-0-0 10. Bd2 Nd4 11. 0-0-0 Nf6 12. e5 Nd5 13. Nxd5 Bxd5 14. Bxd5 Rxd5 15. Bc3 Be7 16. Bxd4 cxd4 17. Nf3 Rhd8 18. Rhf1 Kb7 19. Rf2 Bc5 20. Rfd2 h6 21. a3 a5 22. b4 axb4 23. axb4 Bxb4 24. Rxd4 Ba3+ 25. Kb1 Rxd4 26. Rxd4 Rxd4 27. Nxd4 Bc5 28. Nf3 Kc6 29. c4 Be3 30. g3 Kc5 31. Kc2 Kxc4 32. Nh4 b5 33. f5 Bg5 34. fxe6 Bxh4 35. gxh4 fxe6 36. h5 b4 37. Kd2 Kd4 38. Kc2 Kxe5 39. Kb3 Kf4 40. Kxb4 e5 41. Kc3 Ke3 42. Kc2 e4 43. Kd1 Kf2 0-1

[Event "GER-ch Net blitz qual2"]
[Site "Playchess.com INT"]
[Date "2021.05.04"]
[Round "4"]
[White "Schuette, Marco"]
[Black "Kleeschaetzky, Rainer"]
[Result "0-1"]
[WhiteElo "1739"]
[BlackElo "2108"]
[PlyCount "52"]
[EventDate "2021.05.04"]
[EventType "swiss (blitz)"]
[EventRounds "11"]
[EventCountry "GER"]
[SourceTitle "CBM 202 Extra"]
[Source "ChessBase"]
[SourceDate "2021.07.31"]
[SourceVersion "1"]
[SourceVersionDate "2021.07.31"]
[SourceQuality "1"]

1. Nf3 d5 2. d4 c6 3. c4 Nf6 4. Nc3 e6 5. Bf4 dxc4 6. e4 b5 7. Be2 Qb6 8. 0-0 Bb7 9. Re1 Nbd7 10. Ne5 Nxe5 11. Bxe5 Be7 12. Bf3 0-0 13. Bxf6 Bxf6 14. d5 cxd5 15. exd5 Rad8 16. Qc2 Bxc3 17. Qxc3 Bxd5 18. a4 a6 19. axb5 axb5 20. Re5 h6 21. Rae1 b4 22. Qc2 Bxf3 23. gxf3 Rd4 24. Kg2 Rfd8 25. Rg1 Rd2 26. Qe4 Qxf2+ 0-1

[Event "GER-ch Net blitz qual1"]
[Site "Playchess.com INT"]
[Date "2021.04.24"]
[Round "5"]
[White "Haus, Volker"]
[Black "Schuette, Marco"]
[Result "0-1"]
[WhiteElo "1976"]
[BlackElo "1671"]
[PlyCount "78"]
[EventDate "2021.04.24"]
[EventType "swiss (blitz)"]
[EventRounds "11"]
[EventCountry "GER"]
[SourceTitle "CBM 202 Extra"]
[Source "ChessBase"]
[SourceDate "2021.07.31"]
[SourceVersion "1"]
[SourceVersionDate "2021.07.31"]
[SourceQuality "1"]

1. d4 Nf6 2. c4 c5 3. d5 b5 4. Nd2 g6 5. e4 d6 6. Ne2 Bg7 7. Ng3 0-0 8. Be2 bxc4 9. Bxc4 Ba6 10. 0-0 Bxc4 11. Nxc4 Nbd7 12. Rb1 Nb6 13. b3 Rb8 14. Be3 Qc7 15. Qd2 Nxc4 16. bxc4 Nd7 17. f4 Rxb1 18. Rxb1 Rb8 19. Rf1 Qb6 20. f5 Qb2 21. fxg6 hxg6 22. Qd1 Qxa2 23. Qg4 Ne5 24. Qg5 Bf6 25. Rxf6 exf6 26. Qxf6 Qa1+ 27. Nf1 Rb1 28. Bh6 Rxf1+ 29. Qxf1 Qxf1+ 30. Kxf1 Nxc4 31. Ke2 f6 32. Bf4 Ne5 33. Kd2 Kf7 34. Kc3 g5 35. Bg3 Ke7 36. Kb3 Ng4 37. Ka4 Ne3 38. Kb5 Nxg2 39. Ka6 c4 0-1

[Event "GER-ch Net blitz qual1"]
[Site "Playchess.com INT"]
[Date "2021.04.24"]
[Round "9"]
[White "Palme, Holger"]
[Black "Schuette, Marco"]
[Result "1-0"]
[WhiteElo "1882"]
[BlackElo "1671"]
[PlyCount "77"]
[EventDate "2021.04.24"]
[EventType "swiss (blitz)"]
[EventRounds "11"]
[EventCountry "GER"]
[SourceTitle "CBM 202 Extra"]
[Source "ChessBase"]
[SourceDate "2021.07.31"]
[SourceVersion "1"]
[SourceVersionDate "2021.07.31"]
[SourceQuality "1"]

1. Nf3 d5 2. e4 dxe4 3. Ng5 Nf6 4. Bc4 e6 5. Nc3 Qd4 6. Qe2 Be7 7. Ncxe4 0-0 8. c3 Qe5 9. d4 Qa5 10. 0-0 Nbd7 11. a4 c6 12. b4 Qc7 13. Qf3 Nb6 14. Bd3 Nbd5 15. Nxf6+ Nxf6 16. Bf4 Qd8 17. Be5 h6 18. Ne4 Nxe4 19. Qxe4 g6 20. Rad1 Bf6 21. Bg3 Kg7 22. h4 Qd5 23. Qe2 Bd7 24. Rb1 b5 25. a5 a6 26. Be4 Qc4 27. Qxc4 bxc4 28. Bf3 Rab8 29. Be2 c5 30. bxc5 Bb5 31. Bxb8 Rxb8 32. Bxc4 Bxc4 33. Rxb8 Bxf1 34. Kxf1 Bxh4 35. Rb6 Bg5 36. g3 Bd2 37. c6 Bxc3 38. Rxa6 Bxd4 39. c7 1-0

[Event "GER-ch Net blitz qual1"]
[Site "Playchess.com INT"]
[Date "2021.04.24"]
[Round "10"]
[White "Schuette, Marco"]
[Black "Fleischmann, Theo"]
[Result "1-0"]
[WhiteElo "1671"]
[BlackElo "1487"]
[PlyCount "129"]
[EventDate "2021.04.24"]
[EventType "swiss (blitz)"]
[EventRounds "11"]
[EventCountry "GER"]
[SourceTitle "CBM 202 Extra"]
[Source "ChessBase"]
[SourceDate "2021.07.31"]
[SourceVersion "1"]
[SourceVersionDate "2021.07.31"]
[SourceQuality "1"]

1. Nf3 c5 2. c4 Nc6 3. d4 cxd4 4. Nxd4 Nf6 5. Nc3 h6 6. e4 d6 7. Be2 a6 8. 0-0 g5 9. Be3 Bg7 10. Rc1 0-0 11. f3 Bd7 12. Qd2 Rc8 13. Rfe1 Qa5 14. Nb3 Qc7 15. Nd5 Nxd5 16. cxd5 Qd8 17. dxc6 bxc6 18. Bd4 e5 19. Be3 c5 20. Qxd6 Re8 21. Red1 Rc7 22. Bc4 Bf8 23. Qxa6 Qe7 24. Bb5 Kg7 25. Bxd7 Rxd7 26. Qc4 Red8 27. Rxd7 Rxd7 28. Bxc5 Qd8 29. Bxf8+ Kxf8 30. Qc5+ Kg7 31. Qxe5+ f6 32. Qc3 Rd1+ 33. Kf2 Qb6+ 34. Qe3 Qa6 35. Rxd1 Qxa2 36. Rd2 Kg6 37. Nc5 Qb1 38. Ne6 Qa2 39. Nf8+ Kf7 40. Qd3 Kxf8 41. Qd6+ Kg7 42. Qe7+ Kg6 43. Qe8+ Qf7 44. Qxf7+ Kxf7 45. Rd7+ Ke6 46. Ra7 Ke5 47. b4 Kd4 48. b5 Kc5 49. Rb7 h5 50. Ke3 h4 51. e5 fxe5 52. Ke4 g4 53. Kxe5 h3 54. gxh3 gxf3 55. Rf7 Kxb5 56. Rxf3 Kc6 57. h4 Kd7 58. h5 Ke8 59. h6 Kd7 60. h7 Kc6 61. h8Q Kc5 62. Qc8+ Kb4 63. Rf1 Kb5 64. Rb1+ Ka5 65. Qa8# 1-0

[Event "GER-ch Net blitz qual1"]
[Site "Playchess.com INT"]
[Date "2021.04.24"]
[Round "1"]
[White "Schuette, Marco"]
[Black "Tiarks, Jann Christian"]
[Result "1-0"]
[WhiteElo "1671"]
[BlackElo "2164"]
[PlyCount "81"]
[EventDate "2021.04.24"]
[EventType "swiss (blitz)"]
[EventRounds "11"]
[EventCountry "GER"]
[SourceTitle "CBM 202 Extra"]
[Source "ChessBase"]
[SourceDate "2021.07.31"]
[SourceVersion "1"]
[SourceVersionDate "2021.07.31"]
[SourceQuality "1"]

1. Nf3 d5 2. d4 e6 3. c4 c6 4. Nc3 dxc4 5. e4 b5 6. Bg5 Qc7 7. Be2 Bb7 8. 0-0 Nd7 9. d5 b4 10. dxe6 fxe6 11. Nb1 Nb6 12. Nbd2 c3 13. bxc3 bxc3 14. Nc4 Nf6 15. Bxf6 gxf6 16. e5 Be7 17. Qb3 Nd5 18. Nd4 Bc8 19. Bh5+ Kf8 20. Bf3 fxe5 21. Ne2 Rg8 22. Nxc3 Rb8 23. Qc2 Rg7 24. Ne4 Ba6 25. Rfb1 Kg8 26. Rxb8+ Qxb8 27. Rb1 Qc7 28. Ncd2 h6 29. Nc5 Bc8 30. Nde4 Bxc5 31. Nxc5 Qf7 32. Qe2 Nf4 33. Qd1 Nh3+ 34. Kf1 Nf4 35. Qd8+ Kh7 36. Rb8 Nd5 37. Be4+ Rg6 38. Bxg6+ Qxg6 39. Rxc8 Qg7 40. Qf8 Qg8 41. Qxg8# 1-0

[Event "Oberliga NRW 9798 II"]
[Site "Germany"]
[Date "1998.??.??"]
[Round "8.7"]
[White "Partenheimer, Axel"]
[Black "Schuette, Marco"]
[Result "1/2-1/2"]
[WhiteElo "2155"]
[BlackElo "2265"]
[PlyCount "99"]
[EventDate "1997.10.??"]
[EventType "team"]
[EventRounds "9"]
[EventCountry "GER"]
[SourceTitle "EXT 1999"]
[Source "ChessBase"]
[SourceDate "1998.11.16"]
[SourceVersion "1"]
[SourceVersionDate "1998.11.16"]
[SourceQuality "1"]
[WhiteTeam "Gelsenkirchen"]
[BlackTeam "Herford"]
[WhiteTeamCountry "GER"]
[BlackTeamCountry "GER"]

1. c4 e5 2. Nc3 Nc6 3. g3 g6 4. Bg2 Bg7 5. e3 f5 6. Nge2 Nf6 7. d3 d6 8. 0-0 0-0 9. Rb1 Nh5 10. Nd5 Ne7 11. b4 c6 12. Nxe7+ Qxe7 13. b5 c5 14. Nc3 Be6 15. Nd5 Bxd5 16. Bxd5+ Kh8 17. Bb2 Nf6 18. Bg2 Rad8 19. Qb3 Qf7 20. Rbd1 Rfe8 21. Rfe1 Qc7 22. a4 Qe7 23. Bc3 Nh5 24. Qb2 Nf6 25. Qa2 Nh5 26. Qe2 Nf6 27. Qa2 Nh5 28. Ba5 Rd7 29. Qc2 Nf6 30. d4 e4 31. Bc3 Red8 32. Qb2 Qf7 33. Bf1 g5 34. Rd2 Kg8 35. Red1 g4 36. Be2 Kf8 37. Qb3 h5 38. Qa3 Qe7 39. Ba5 b6 40. Bc3 Kf7 41. a5 Nh7 42. h4 Bf6 43. dxc5 dxc5 44. Rxd7 Rxd7 45. Rxd7 Qxd7 46. axb6 axb6 47. Bxf6 Nxf6 48. Qa8 Ne8 49. Qa1 Nf6 50. Qe5 1/2-1/2